000 00815nam a2200205Ii 4500
003 JO-AjNU
008 230605s9999||||xx |||||||||||||| ||und||
040 _aJO-AjNU
_bara
_erda
_cJO-AjNU
041 _aara
050 1 4 _aGV481.R52 2004
100 3 _aالعدوي، جمال الدين علي... وآخرون ، م.مشارك حبيب، محمد فؤاد، م.مشارك مهدي، أحمد كامل، م.مشارك حسن، أحمد علي,
_eauthor
_922412
245 0 0 _aالرياضة في حياتنا
250 _aط3
264 3 1 _a العين: دار الكتاب الجامعي، 2004
300 _a317ص
336 _atext
_btxt
_2rdacontent
337 _aunmediated
_bn
_2rdamedia
338 _avolume
_bnc
_2rdacarrier
650 4 _aاللياقة البدنية - التربية البدنية
_922413
999 _aA7950
_c11518
_d11518